000 00342nam a2200145Ia 4500
008 240830s1981 xx 000 0 und d
041 _aeng
082 _a0 S.D
100 _aS.D. KULKARNI
245 _aRASOUDHI NIRMAN
260 _bM.V.GRANTH MANDAL , NAGPUR
_c1981
650 _aRASA-SHASTRA
906 _aN.D.
999 _c1194343
_d1194343